[Event "Dhaka Elegant Chess Academy 1st"]
[Site "Dhaka"]
[Date "2024.07.13"]
[Round "3.1"]
[White "Md, Hadiuzzaman"]
[Black "Hossain, Monir Khan"]
[Result "1-0"]
[WhiteElo "1873"]
[BlackElo "1986"]
[PlyCount "125"]
[EventDate "2024.07.11"]
[EventType "team-tourn"]
[EventRounds "11"]
[EventCountry "BAN"]
[SourceTitle "EXT 2025"]
[Source "ChessBase"]
[SourceDate "2024.10.14"]
[SourceVersion "1"]
[SourceVersionDate "2024.10.14"]
[SourceQuality "1"]
[WhiteTeam "Dhaka CC"]
[BlackTeam "Agrani Bank PLC"]
[WhiteTeamCountry "BAN"]
[BlackTeamCountry "BAN"]

1. d4 Nf6 2. c4 c5 3. d5 e6 4. Nc3 exd5 5. Nxd5 Nxd5 6. Qxd5 Nc6 7. Nf3 Be7 8. e3 0-0 9. Be2 Nb4 10. Qd1 d6 11. a3 Nc6 12. 0-0 Be6 13. Qc2 Bf6 14. Bd2 a6 15. Bc3 Rb8 16. Rfd1 Bxc3 17. bxc3 Na5 18. Qe4 Re8 19. Qf4 Qf6 20. Qxd6 Qxc3 21. Qxc5 Nb3 22. Qb4 Qxb4 23. axb4 Nxa1 24. Rxa1 Rbc8 25. c5 Bg4 26. Nd4 Bxe2 27. Nxe2 Kf8 28. Nd4 g6 29. g3 Re5 30. Kg2 Ke8 31. Ra3 Kd7 32. f4 Re7 33. g4 Kc7 34. h4 Rd8 35. Kf3 Red7 36. Ke4 Re8+ 37. Kf3 Rde7 38. Rc3 Kc8 39. b5 axb5 40. Nxb5 Kd7 41. Nd6 Rb8 42. Nxb7 Kc6 43. Nd6 Ra7 44. f5 Rb4 45. f6 h5 46. gxh5 gxh5 47. Nf5 Raa4 48. Ne7+ Kb5 49. c6 Rc4 50. Rb3+ Ka6 51. Rb8 Ra5 52. Ra8+ Kb5 53. Rb8+ Ka4 54. Rb7 Rac5 55. e4 Rc1 56. Ke3 R1c3+ 57. Kf4 Rc1 58. Nd5 Rxc6 59. Rxf7 R6c2 60. Ra7+ Kb5 61. f7 Rf1+ 62. Ke5 Rh2 63. Ne3 1-0

[Event "BAN-chT 1st League"]
[Site "Dhaka"]
[Date "2022.03.15"]
[Round "6.2"]
[White "Priyanshu, Barua"]
[Black "Md, Hadiuzzaman"]
[Result "1/2-1/2"]
[WhiteElo "1772"]
[BlackElo "1940"]
[PlyCount "51"]
[EventDate "2022.03.10"]
[EventType "team-tourn"]
[EventRounds "11"]
[EventCountry "BAN"]
[SourceTitle "EXT 2023"]
[Source "ChessBase"]
[SourceDate "2022.10.05"]
[SourceVersion "1"]
[SourceVersionDate "2022.10.05"]
[SourceQuality "1"]
[WhiteTeam "Sonali Bank Sports"]
[BlackTeam "Basir Memorial"]
[WhiteTeamCountry "BAN"]
[BlackTeamCountry "BAN"]

1. e4 e6 2. Nc3 d5 3. d4 dxe4 4. Nxe4 Nf6 5. Bd3 Be7 6. Nf3 Nbd7 7. Qe2 Nxe4 8. Bxe4 Nf6 9. Bxb7 Bxb7 10. Qb5+ Qd7 11. Qxb7 0-0 12. 0-0 Rfb8 13. Qa6 c5 14. c3 cxd4 15. Nxd4 Bc5 16. Nb3 Bb6 17. Bf4 Rc8 18. Qe2 Qa4 19. Be5 Ng4 20. Bd4 Bxd4 21. Nxd4 Nf6 22. b3 Qd7 23. Rfd1 Nd5 24. Nb5 a6 25. Na3 Qc7 26. Re1 1/2-1/2

[Event "BAN-chT 1st League"]
[Site "Dhaka"]
[Date "2022.03.14"]
[Round "5.3"]
[White "Md Abu, Hanif"]
[Black "Md, Hadiuzzaman"]
[Result "1-0"]
[WhiteElo "2023"]
[BlackElo "1940"]
[PlyCount "101"]
[EventDate "2022.03.10"]
[EventType "team-tourn"]
[EventRounds "11"]
[EventCountry "BAN"]
[SourceTitle "EXT 2023"]
[Source "ChessBase"]
[SourceDate "2022.10.05"]
[SourceVersion "1"]
[SourceVersionDate "2022.10.05"]
[SourceQuality "1"]
[WhiteTeam "Access"]
[BlackTeam "Basir Memorial"]
[WhiteTeamCountry "BAN"]
[BlackTeamCountry "BAN"]

1. d4 d5 2. c4 c6 3. cxd5 cxd5 4. Nc3 Nc6 5. Bf4 a6 6. e3 e6 7. Nf3 Nf6 8. Bd3 Bd6 9. 0-0 Nh5 10. Bxd6 Qxd6 11. Rc1 Nf6 12. a3 Bd7 13. Na4 0-0 14. Nc5 Bc8 15. Qb3 Rb8 16. Qc3 Ra8 17. Ne5 Nb8 18. f4 Nbd7 19. b4 b5 20. g4 Nb6 21. g5 Nfd7 22. Qc2 f5 23. gxf6 Nxf6 24. Qg2 Ra7 25. Rc3 Nc4 26. Rf3 a5 27. bxa5 Rxa5 28. Rg3 Qe7 29. Nc6 Qc7 30. Nxa5 Qxa5 31. Qc2 Nxa3 32. Qc1 Nc4 33. Rc2 Qb6 34. Rcg2 Rf7 35. Ra2 Rc7 36. Ra8 Qc6 37. Qa1 Nd7 38. h4 b4 39. Kh2 e5 40. Nxd7 Qxd7 41. fxe5 Qe7 42. Qe1 Nb6 43. Rb8 Nd7 44. Rxb4 Qxh4+ 45. Kg2 Nf8 46. Rb1 Rf7 47. Qh1 Qd8 48. Rf1 Ra7 49. Qh6 Ng6 50. Rxg6 Ba6 51. Rd6 1-0

[Event "BAN-chT2 Borsho 2nd"]
[Site "Bangladesh"]
[Date "2021.01.28"]
[Round "9.3"]
[White "Mohammad Shafiqul, Islam"]
[Black "Md, Hadiuzzaman"]
[Result "0-1"]
[WhiteElo "1611"]
[BlackElo "1917"]
[PlyCount "96"]
[EventDate "2021.01.20"]
[EventType "team-tourn"]
[EventRounds "9"]
[EventCountry "BAN"]
[SourceTitle "CBM 200 Extra"]
[Source "ChessBase"]
[SourceDate "2021.03.31"]
[SourceVersion "1"]
[SourceVersionDate "2021.03.31"]
[SourceQuality "1"]
[WhiteTeam "Elegant Int CA Cha"]
[BlackTeam "Grassroot Sports Academy"]
[WhiteTeamCountry "BAN"]
[BlackTeamCountry "BAN"]

1. e4 c5 2. Nf3 a6 3. d4 cxd4 4. Nxd4 Nc6 5. c4 e6 6. Nc3 Bc5 7. Nb3 Ba7 8. Bf4 Nge7 9. Bd6 0-0 10. Be2 Re8 11. 0-0 Ng6 12. Kh1 Bb8 13. f4 Bxd6 14. Qxd6 Qe7 15. Rad1 b6 16. Qd2 Rb8 17. Rf3 Nf8 18. Rg3 Bb7 19. f5 f6 20. h4 Ne5 21. Nd4 Kh8 22. h5 Nf7 23. Rf1 Nh6 24. Bd3 Qd6 25. Qf2 exf5 26. Nxf5 Nxf5 27. exf5 h6 28. Rd1 Qe7 29. Qf4 Qf7 30. Qg4 Nh7 31. c5 b5 32. Bc2 Ng5 33. Bb3 Qe7 34. Qd4 b4 35. Nd5 Bxd5 36. Qxd5 Rbc8 37. Rgd3 Rxc5 38. Qxd7 Qxd7 39. Rxd7 Rxf5 40. Ra7 Ne6 41. Bxe6 Rxe6 42. Rd8+ Kh7 43. g4 Rf2 44. Kg1 Rxb2 45. Kf1 Rc6 46. Rd1 Rxa2 47. Re7 b3 48. Rb1 b2 0-1

[Event "BAN-chT2 Borsho 2nd"]
[Site "Bangladesh"]
[Date "2021.01.24"]
[Round "5.2"]
[White "Md, Hadiuzzaman"]
[Black "Babul, Mollick"]
[Result "0-1"]
[WhiteElo "1917"]
[BlackElo "1630"]
[PlyCount "104"]
[EventDate "2021.01.20"]
[EventType "team-tourn"]
[EventRounds "9"]
[EventCountry "BAN"]
[SourceTitle "CBM 200 Extra"]
[Source "ChessBase"]
[SourceDate "2021.03.31"]
[SourceVersion "1"]
[SourceVersionDate "2021.03.31"]
[SourceQuality "1"]
[WhiteTeam "Grassroot Sports Academy"]
[BlackTeam "Rangpur Players Kollan Somiti"]
[WhiteTeamCountry "BAN"]
[BlackTeamCountry "BAN"]

1. d4 d5 2. c4 e6 3. e3 c5 4. dxc5 Bxc5 5. cxd5 Qxd5 6. Qxd5 exd5 7. Nf3 a6 8. Bd2 Nc6 9. Bc3 f6 10. a3 Nge7 11. Nbd2 Be6 12. Bd3 Kf7 13. Nb3 Bb6 14. 0-0 Rad8 15. Rfe1 g6 16. Rac1 Rhe8 17. Nbd4 Bd7 18. b4 Ne5 19. Be2 N7c6 20. Nxc6 Nxc6 21. a4 Ne7 22. a5 Ba7 23. Bd4 Bb8 24. Bc5 Nf5 25. Red1 Bc6 26. Bd3 Ng7 27. Nd4 Ba4 28. Bc2 Bxc2 29. Rxc2 Ne6 30. Rcd2 Bc7 31. Nb3 Be5 32. Rxd5 Rxd5 33. Rxd5 Rd8 34. Rxd8 Nxd8 35. f4 Bc3 36. Nc1 Nc6 37. Na2 Bb2 38. Kf2 f5 39. Ke2 Ke6 40. Kd3 Kd5 41. Bb6 Bf6 42. h3 h5 43. Bd4 Nxd4 44. Nc3+ Kc6 45. exd4 Be7 46. Kc4 Bd6 47. Nd5 h4 48. Nc3 Bxf4 49. Ne2 Bd6 50. d5+ Kd7 51. Nd4 Be7 52. Ne6 f4 0-1

[Event "Dhaka op"]
[Site "Dhaka"]
[Date "2016.06.25"]
[Round "2"]
[White "Md, Hadiuzzaman"]
[Black "Mohammad, Minhaz Uddin"]
[Result "0-1"]
[WhiteElo "1942"]
[BlackElo "2430"]
[PlyCount "88"]
[EventDate "2016.06.24"]
[EventType "swiss"]
[EventRounds "9"]
[EventCountry "BAN"]
[SourceTitle "EXT 2017"]
[Source "ChessBase"]
[SourceDate "2016.10.25"]
[SourceVersion "1"]
[SourceVersionDate "2016.10.25"]
[SourceQuality "1"]

1. d4 Nf6 2. e3 e6 3. Nf3 c5 4. c3 b6 5. Bd3 Bb7 6. Nbd2 d6 7. Qc2 Nbd7 8. Ne4 Be7 9. Nxf6+ Nxf6 10. Bb5+ Kf8 11. Be2 h5 12. Bd2 Be4 13. Bd3 d5 14. Bxe4 Nxe4 15. Ne5 Bd6 16. g3 Bxe5 17. dxe5 Qg5 18. f4 Qf5 19. 0-0-0 Nf2 20. Rhf1 Nxd1 21. Rxd1 h4 22. Be1 hxg3 23. Bxg3 Qxc2+ 24. Kxc2 Ke7 25. b4 c4 26. a4 Rh3 27. Rd2 Rah8 28. Kd1 R8h6 29. Ke1 Rxg3 30. hxg3 Rh1+ 31. Kf2 Rc1 32. b5 Rxc3 33. a5 Rb3 34. axb6 axb6 35. Ke2 Rxb5 36. Ra2 Ra5 37. Rb2 b5 38. Kd2 Kd7 39. Ke2 Kc6 40. Kf3 c3 41. Rc2 b4 42. g4 Rc5 43. f5 b3 44. Rg2 c2 0-1